|
|
|
|
| LEADER |
01773nam a2200445 i 4500 |
| 001 |
EBC4444852 |
| 003 |
MiAaPQ |
| 005 |
20200520144314.0 |
| 006 |
m o d | |
| 007 |
cr cnu|||||||| |
| 008 |
161213t20162016nju o 001 0 eng d |
| 020 |
|
|
|z 9781119180012
|
| 020 |
|
|
|a 9781119179993
|q (electronic bk.)
|
| 035 |
|
|
|a (MiAaPQ)EBC4444852
|
| 035 |
|
|
|a (Au-PeEL)EBL4444852
|
| 035 |
|
|
|a (CaPaEBR)ebr11308146
|
| 035 |
|
|
|a (CaONFJC)MIL879775
|
| 035 |
|
|
|a (OCoLC)911618031
|
| 040 |
|
|
|a MiAaPQ
|b eng
|e rda
|e pn
|c MiAaPQ
|d MiAaPQ
|
| 050 |
|
4 |
|a HF5668.25
|b .M645 2016
|
| 082 |
0 |
|
|a 657/.458
|2 23
|
| 100 |
1 |
|
|a Moeller, Robert R.,
|e author.
|
| 245 |
1 |
0 |
|a Brink's modern internal auditing :
|b a common body of knowledge /
|c Robert R. Moeller.
|
| 250 |
|
|
|a Eighth edition.
|
| 264 |
|
1 |
|a Hoboken, New Jersey :
|b Wiley,
|c 2016.
|
| 264 |
|
4 |
|c 2016
|
| 300 |
|
|
|a 1 online resource (835 pages).
|
| 336 |
|
|
|a text
|2 rdacontent
|
| 337 |
|
|
|a computer
|2 rdamedia
|
| 338 |
|
|
|a online resource
|2 rdacarrier
|
| 490 |
1 |
|
|a Wiley Corporate F&A series
|
| 500 |
|
|
|a Includes index.
|
| 588 |
|
|
|a Description based on print version record.
|
| 590 |
|
|
|a Electronic reproduction. Ann Arbor, MI : ProQuest, 2016. Available via World Wide Web. Access may be limited to ProQuest affiliated libraries.
|
| 650 |
|
0 |
|a Auditing, Internal.
|
| 655 |
|
4 |
|a Electronic books.
|
| 776 |
0 |
8 |
|i Print version:
|a Moeller, Robert R.
|t Brink's modern internal auditing : a common body of knowledge.
|b Eighth edition.
|d Hoboken, New Jersey : Wiley, c2016
|h xxii, 810 pages
|k Wiley corporate F & A.
|z 9781119180012
|w 2015023640
|
| 797 |
2 |
|
|a ProQuest (Firm)
|
| 830 |
|
0 |
|a Wiley corporate F & A.
|
| 856 |
4 |
0 |
|u https://ebookcentral.proquest.com/lib/matrademy/detail.action?docID=4444852
|z Click to View
|